| 000 | 01046nam a22002777a 4500 | ||
|---|---|---|---|
| 001 | 9857 | ||
| 003 | FISKH | ||
| 005 | 20260309141334.0 | ||
| 008 | 260309b cb ||||| |||| 00| 0 eng d | ||
| 020 | _a9781444904017 | ||
| 040 |
_aFISKH _beng _cFISKH _dFISKH |
||
| 050 | _aPZ7 .S55478 | ||
| 082 | _a823.92 | ||
| 100 |
_aShields, Gillian _eAuthor |
||
| 245 |
_aElephantantrum! : _bMind your manners-elephant style! / _cGillian Shields and Cally Johnson-Isaacs |
||
| 260 |
_aLondon : _bHodder Children's Books , _c2012 |
||
| 300 |
_a30 unnumbered pages : _bcolor illustrations ; _c26 cm |
||
| 505 | _aG | ||
| 520 | _a"Ellie has everything, but she wants more. She wants an elephant. And she won't eat or sleep or brush her hair until she gets one! But when she finally gets her wish, the elephant decides to teach Ellie a thing or two about manners"-- | ||
| 521 | 8 |
_a400
_bLexile estimate |
|
| 521 | 8 |
_aG
_bRaz-Plus |
|
| 650 |
_aBehaviour _vTantrums |
||
| 650 |
_aBeing polite _vChildren's |
||
| 942 |
_2ddc _cBK _n0 |
||
| 999 |
_c9857 _d9857 |
||